000 00468nam a2200169Ia 4500
003 GCL
008 140319s9999 xx 000 0 ara d
040 _aGCL /
_cGCL
082 0 4 _a927
_bهـ ل
100 1 _aهان, املى
245 1 0 _aليوناردو دافينشى /
_cهان, املى
260 _a[S.N] :
_bدار الثقافة العربية ،
_c1982
300 _a145 ص
490 _a
650 0 4 _aليوناردو دافينشى
942 _2ddc
_cBK
999 _c32580
_d32580